000 02499cam a22006138i 4500
001 on1377501588
003 OCoLC
005 20231107170511.0
008 230425t20232023tnua b 000 1 eng
010 _a 2023012075
020 _a9781400233373
_q(hardcover)
020 _a1400233372
_q(hardcover)
020 _z9781400243433
_q(epub)
035 _a(OCoLC)1377501588
_z(OCoLC)1401646001
040 _aDLC
_beng
_erda
_cDLC
_dBDX
_dETC
_dOCLCF
_dJCX
_dNYP
_dILC
_dJTH
_dOCLCO
_dJAS
_dOCLCO
_dUOK
042 _apcc
049 _aUOKA
050 0 0 _aPZ7.1.E244
_bBt 2022
082 0 0 _a[E]
_223
092 _achildren picture book
_bEarnhardt
100 1 _aEarnhardt, Dale,
_cJr.
_eauthor.
245 1 0 _aBuster gets back on track /
_cDale Earnhardt Jr. ; illustrated by Ela Smietanka.
264 1 _aNashville, Tennessee :
_bTommy Nelson, an imprint of Thomas Nelson,
_c[2023]
264 4 _c�2023
300 _a1 volume (unpaged) :
_bcolor illustrations ;
_c27 cm.
336 _atext
336 _astill image
337 _aunmediated
338 _avolume
490 0 _aBuster the race car
520 _aRescued race car Buster tends to let his emotions get the best of him, but with the help of his teammates, he learns how to breathe through his feelings.
521 _aAges 4-8.
_bThomas Nelson.
650 0 _aAutomobile racing
_vJuvenile fiction.
_95748656
650 0 _aAutomobiles
_vJuvenile fiction.
_95704217
650 0 _aTeamwork (Sports)
_vJuvenile fiction.
650 0 _aEmotions
_vJuvenile fiction.
650 0 _aBreathing exercises
_vJuvenile fiction.
_96476666
650 0 _aOff-road racing
_vJuvenile fiction.
_96476667
650 0 _aFriendship
_vJuvenile fiction
_95673647
650 0 _aSchools
_vJuvenile fiction
650 1 _aAutomobile racing
_vFiction.
_95732365
650 1 _aAutomobiles
_vFiction.
_95704218
650 1 _aTeamwork (Sports)
_vFiction.
650 1 _aEmotions
_vFiction.
650 1 _aBreathing exercises
_vFiction.
_96359037
650 1 _aOff-road racing
_vFiction.
_96476668
650 1 _aFriendship
_vFiction.
_95673769
650 1 _aSchool
_vFiction.
_96421229
655 7 _aSchool fiction
_2lcgft
_96407078
655 7 _aPicture books
_2lcgft
700 1 _aSmietanka, Ela
_eillustrator.
_96476669
776 0 8 _iOnline version:
_aEarnhardt, Dale, Jr.
_tBuster gets back on track
_dNashville, Tennessee : Thomas Nelson, [2023]
_z9781400243433
_w(DLC) 2023012076
942 _2ddc
_cBOOK
999 _c389716
_d389716